| 000 | 00485nam a2200169Ia 4500 | ||
|---|---|---|---|
| 003 | GCL | ||
| 008 | 140319s9999 xx 000 0 eng d | ||
| 040 |
_aGCL / _cGCL |
||
| 082 | 0 | 4 |
_a919.6504 _bS M |
| 100 | 1 | _aSTANLEY, DAVID | |
| 245 | 1 | 0 |
_aMICRONESIA HANDBOOK: GUIDE TO THE CAROLINE, GILBERT MARIANA, AND MARSHALL ISLANDS / _cSTANLEY, DAVID |
| 260 |
_a[S.N] : _bMOON PUBLICATIONS ، _c1989 |
||
| 300 | _a287 P | ||
| 650 | 0 | 4 | _aMICRONESIA |
| 650 | 0 | 4 | _aGUIDE BOOKS |
| 942 |
_2ddc _cBK |
||
| 999 |
_c19263 _d19263 |
||